Normal view MARC view

Entry Personal Name

Number of records used in: 1

001 - CONTROL NUMBER

  • control field: 9892

003 - CONTROL NUMBER IDENTIFIER

  • control field: DLC

005 - DATE AND TIME OF LATEST TRANSACTION

  • control field: 20231110134557.0

008 - FIXED-LENGTH DATA ELEMENTS

  • fixed length control field: 911022n| acannaabn |b aaa

010 ## - LIBRARY OF CONGRESS CONTROL NUMBER

  • LC control number: n 88203690
  • Canceled/invalid LC control number: n 97123231

035 ## - SYSTEM CONTROL NUMBER

  • System control number: (OCoLC)oca03044344

040 ## - CATALOGING SOURCE

  • Original cataloging agency: DLC
  • Language of cataloging: eng
  • Transcribing agency: DLC
  • Modifying agency: DLC
  • Modifying agency: OCoLC
  • Modifying agency: DLC

100 1# - HEADING--PERSONAL NAME

  • Personal name: Ḥāmidī, Muḥammad al-Hāshimī

400 1# - SEE FROM TRACING--PERSONAL NAME

  • Personal name: Hamdi, Mohamed Elhachmi

400 1# - SEE FROM TRACING--PERSONAL NAME

  • Personal name: حامدي، محمد الهاشمي

400 1# - SEE FROM TRACING--PERSONAL NAME

  • Personal name: محمد الهاشمي الحامدي

400 1# - SEE FROM TRACING--PERSONAL NAME

  • Personal name: Al-Haamidi, Muhammad al-Haashimi

400 1# - SEE FROM TRACING--PERSONAL NAME

  • Personal name: Haamidi, Muhammad al-Haashimi Al

670 ## - SOURCE DATA FOUND

  • Source citation: His Ashwāq al-ḥurrīyah, 1989:
  • Information found: t.p. (Muḥammad al-Hashimī al-Ḥāmidī)

670 ## - SOURCE DATA FOUND

  • Source citation: The making of an Islamic political leader, 1998:
  • Information found: CIP t.p. (Mohamed Elhachmi Hamdi [in roman.]) galley (journalist; editor-in-chief, The diplomat; and editor in-chief, al-Mustakillah, newspaper)

670 ## - SOURCE DATA FOUND

  • Source citation: Ḥasan al-Turābī, 1996:
  • Information found: t.p. (Muḥammad al-Hāshimī al-Ḥāmidī) p. 4 of cover (M.A., Faculty of Afr. and Eastern Studies, London Univ.; resides in London)

670 ## - SOURCE DATA FOUND

  • Source citation: Muhammad for the global village, 2008:
  • Information found: t.p. (Dr. Muhammad al-Haashimi al-Haamidi)

Powered by Koha